HOW DOES IT WORK (Record no. 378225)

MARC details
000 -LEADER
fixed length control field 00366nam a2200157Ia 4500
008 - FIXED-LENGTH DATA ELEMENTS--GENERAL INFORMATION
fixed length control field 100122s9999 xx 000 0 und d
082 ## - DEWEY DECIMAL CLASSIFICATION NUMBER
Item number 61223
Classification number B001
100 ## - MAIN ENTRY--PERSONAL NAME
Personal name BHANOT T R
245 ## - TITLE STATEMENT
Title HOW DOES IT WORK
250 ## - EDITION STATEMENT
Edition statement 0
260 ## - PUBLICATION, DISTRIBUTION, ETC. (IMPRINT)
Name of publisher, distributor, etc DREAMLAND PABLICATION
Date of publication, distribution, etc 1995
300 ## - PHYSICAL DESCRIPTION
Extent 64
630 ## - SUBJECT ADDED ENTRY--UNIFORM TITLE
Uniform title HOW DOES IT WORK
730 ## - ADDED ENTRY--UNIFORM TITLE
Uniform title HOW DOES IT WORK
942 ## - ADDED ENTRY ELEMENTS (KOHA)
Koha item type Book
Holdings
Withdrawn status Lost status Damaged status Not for loan Home library Current library Date acquired Cost, normal purchase price Total Checkouts Full call number Barcode Date last seen Cost, replacement price Price effective from Koha item type Public note
        S.V. Pathak Library, Vile Parle S.V. Pathak Library, Vile Parle 06/22/2002 40.00   61223 SVPPARLE-61223 01/25/2010 40.00 01/25/2010 Book ", , General, NA"